000
00219nam a22000857a 4500
008
160822b xxu||||| |||| 00| 0 eng d
100
_9
205
_a
Jain S.K
245
_a
CCE Science-VI
260
_a
New Delhi
_b
Prachi publication
_c
2013
999
_c
2863
_d
2863